00671nam a2200241 a 4500001001300000003000900013005001700022008004100039020002300080082001400103100001700117245002400134260004000158300000900198500003500207505001000242650001300252700001700265902000800282942000700290952011500297999001700412nice12345678IN_TiNIC20260116014708.0110106s2010 newa grp 000 0 eng  a9789380096964c79500a190bWAL1 aWalia, Mohit aHumanism and Ethics aNew Delhi bAlfa Publication c2010 a292p aincludes index and biblioraphy2 aIndex aHumanism1 aWalia, Mohit bSRS cBK 001040708StackRoom-aHMIbHMId2011-01-06g795.00l0o190 WAL1p023410r2011-01-06v795.00w2011-01-06yBK c16502d16502